000 00674nam a2200265Ia 4500
003 OSt
005 20231107163750.0
008 210210b2012 xxu||||| |||| 00| 0 eng d
020 _a8121920140
040 _cAL
041 _aeng
082 _a658.4 KHAO
100 _aKHANKA (S S)
_9141129
245 _aOrganisational behaviour: text and cases
260 _aNew Delhi
_bS. Chand & Co. Ltd.
_c2012
300 _axv,560
650 _atext
_9141130
650 _aOrganisational
_9141131
650 _acases
_9141132
650 _abehaviour:
_9141133
650 _aand
_9141134
690 _aOrganisational Behaviour
_9141135
906 _a066970
942 _2ddc
_cBK
999 _c149390
_d149390